000 00704nam a2200205Ia 4500
005 20260121110109.0
008 008 260114s9999 xx 000 0 hin d
020 _a9788132367154
037 _aEBOOK
040 _aCRL
_bhin
_cCRL
041 _ahin
_2hin
084 _qCRL
100 _aनितीश नरूला / Nitesh Narula
_9942009
245 0 _aसफलता के लिए कार्यस्थल शिष्टाचार / Safalta Ke Liye Karyasthal Shishtachar
260 _bभाषा प्रकाशन / Bhasha Prakashan
_c2021
856 _uhttps://bhashaprakashan.com/product-details/379572
942 _cEBOOK
999 _c1533674
_d1533674